00309nam a2200121Ia 4500008004100000041000800041082001600049100002100065245002700086260003800113300002900151365000700180240624s9999 xx 000 0 und d aeng a346.048 RAO aRAO A V NARSIMHA aCOPYRIGHT LAW CONCEPTS c2005aHyderabadbICFAI University av, : 195 : p. : cm. ; 23 cRS